| 000 | 00552nam a22002177a 4500 | ||
|---|---|---|---|
| 003 | UA-OsUOA | ||
| 001 | 64578 | ||
| 007 | ta | ||
| 008 | 20091105b un ||||| |||| 00| 0 ukr d | ||
| 090 |
_a94(477.83) _bЛ89 |
||
| 942 | _cBK | ||
| 040 |
_aUA-OsUOA _brus _cUA-OsUOA _dUA-OsUOA |
||
| 245 |
_aЛьвов _bКраткий справочник |
||
| 300 | _a90 с. | ||
| 955 | _a4 | ||
| 041 | _arus | ||
| 080 | _a94(477.83) | ||
| 260 |
_aЛьвів _c1946 |
||
| 650 | 7 |
_a9 Географія. Біографії. Історія _2UDC |
|
| 999 |
_c350528 _d350528 |
||